000
00214nam a2200097Ia 4500
005
20251222114409.0
008
251222s1900||||xx |||||||||||||| ||spa||
082
_a
DVD0060/S81
245
0
_a
Reality Bites:
942
_c
DVD
999
_c
1972
_d
1972